Business statistics (Record no. 100386)

MARC details
000 -LEADER
fixed length control field 00499nam a2200205Ia 4500
003 - CONTROL NUMBER IDENTIFIER
control field OSt
005 - DATE AND TIME OF LATEST TRANSACTION
control field 20251030155123.0
008 - FIXED-LENGTH DATA ELEMENTS--GENERAL INFORMATION
fixed length control field 210210b1994 xxu||||| |||| 00| 0 eng d
040 ## - CATALOGING SOURCE
Original cataloging agency AL
Transcribing agency
041 ## - LANGUAGE CODE
Language code of text/sound track or separate title eng
082 ## - DEWEY DECIMAL CLASSIFICATION NUMBER
Classification number 519.5 GUPB
100 ## - MAIN ENTRY--PERSONAL NAME
Personal name Gupta S C
9 (RLIN) 36844
110 ## - MAIN ENTRY--CORPORATE NAME
Corporate name or jurisdiction name as entry element Indra Gupta
9 (RLIN) 243279
245 ## - TITLE STATEMENT
Title Business statistics
260 ## - PUBLICATION, DISTRIBUTION, ETC.
Place of publication, distribution, etc. Delhi
Name of publisher, distributor, etc. Himalaya Publishing House
Date of publication, distribution, etc. 1994
300 ## - PHYSICAL DESCRIPTION
Extent xvi,878p
690 ## - LOCAL SUBJECT ADDED ENTRY--TOPICAL TERM (OCLC, RLIN)
Topical term or geographic name as entry element Business Statistics
9 (RLIN) 36845
906 ## - LOCAL DATA ELEMENT F, LDF (RLIN)
a 052102
942 ## - ADDED ENTRY ELEMENTS (KOHA)
Source of classification or shelving scheme Dewey Decimal Classification
Koha item type Book
Holdings
Withdrawn status Lost status Source of classification or shelving scheme Damaged status Not for loan Collection code Home library Current library Date acquired Cost, normal purchase price Total Checkouts Full call number Barcode Date last seen Price effective from Koha item type Source of acquisition
    Dewey Decimal Classification     Statistics St Aloysius Library St Aloysius Library 02/17/2021 115.00   519.5 GUPB 052102 02/17/2021 02/17/2021 Book  
    Dewey Decimal Classification     Mathematics St Aloysius Library St Aloysius Library 02/17/2021 175.00   519.5 GUPB 054109 02/17/2021 02/17/2021 Book Sita Book House, Mangalore.
  Lost Dewey Decimal Classification     Mathematics St Aloysius Library St Aloysius Library 02/17/2021 175.00   519.5 GUPB 054569 02/17/2021 02/17/2021 Book  
    Dewey Decimal Classification     Statistics St Aloysius Library St Aloysius Library 02/17/2021 175.00   519.5 GUPB 054568 02/17/2021 02/17/2021 Book